| 000 | 00653nam a2200217Ia 4500 | ||
|---|---|---|---|
| 005 | 20241129105806.0 | ||
| 008 | 241129s9999||||xx |||||||||||||| ||und|| | ||
| 020 | _a978-81-955493-5-1 | ||
| 037 | _aTB | ||
| 040 |
_aARTS _beng _cARTS |
||
| 041 |
_aeng _2eng |
||
| 084 |
_aNA44,8(Q:45) R2 _qARTS |
||
| 100 |
_aFergusson James Au.; Burgess James Au. _9724750 |
||
| 245 | 0 |
_aCave temples of India _cFergusson James Au.; Burgess James Au. |
|
| 260 |
_aNew Delhi, India _bNew Kaveri Books _c2022 |
||
| 300 | _axxiv,534p. | ||
| 365 |
_aINR _b4950 |
||
| 650 | _aArtsArchitecture | ||
| 942 |
_cTB _hNA44,8(Q:45) R2 |
||
| 999 |
_c1225958 _d1225958 |
||